[Event "Pereira Gildardo Garcia Memorial-B"]
[Site "Pereira"]
[Date "2022.05.20"]
[Round "5"]
[White "Calderon Guerra, Odalys Lisbeth"]
[Black "Pena, Luis Orlando"]
[Result "1/2-1/2"]
[WhiteElo "1247"]
[BlackElo "1472"]
[PlyCount "71"]
[EventDate "2022.05.18"]
[EventType "swiss"]
[EventRounds "9"]
[EventCountry "COL"]
[SourceTitle "CBM 208 Extra"]
[Source "ChessBase"]
[SourceDate "2022.07.31"]
[SourceVersion "1"]
[SourceVersionDate "2022.07.31"]
[SourceQuality "1"]

1. c4 e5 2. g3 Nf6 3. Bg2 Bc5 4. Nc3 0-0 5. e3 Re8 6. Nge2 c6 7. 0-0 a5 8. d4 exd4 9. exd4 Bb6 10. c5 Bc7 11. Bf4 d5 12. Bxc7 Qxc7 13. Qd2 Be6 14. Nf4 Bf5 15. f3 Nbd7 16. Rfe1 Nf8 17. Na4 N8d7 18. Rxe8+ Rxe8 19. Re1 Rxe1+ 20. Qxe1 b5 21. cxb6 Nxb6 22. Qxa5 Nfd7 23. Bh3 Bxh3 24. Nxh3 Qb7 25. Nc5 Nxc5 26. dxc5 Nd7 27. Qd8+ Nf8 28. Qb6 Qd7 29. Nf4 g5 30. Ne2 d4 31. Qb4 d3 32. Nd4 Ne6 33. Nb3 Qd5 34. Kf2 Qe5 35. Qe1 Qxb2+ 36. Qd2 1/2-1/2

[Event "Bogota AlphaZero op"]
[Site "Bogota"]
[Date "2018.08.20"]
[Round "7"]
[White "Vanegas, Mateo de Jesus"]
[Black "Pena, Luis Orlando"]
[Result "0-1"]
[WhiteElo "1454"]
[BlackElo "1483"]
[PlyCount "48"]
[EventDate "2018.08.17"]
[EventType "swiss"]
[EventRounds "7"]
[EventCountry "COL"]
[SourceTitle "CBM 186 Extra"]
[Source "ChessBase"]
[SourceDate "2018.08.24"]
[SourceVersion "1"]
[SourceVersionDate "2018.08.24"]
[SourceQuality "1"]

1. e4 e5 2. Nf3 Nf6 3. Nxe5 d6 4. Nf3 Bg4 5. Nc3 Be7 6. Bc4 0-0 7. 0-0 Nc6 8. Re1 Nd7 9. Be2 Bf6 10. Nd5 Re8 11. d3 Bxf3 12. Nxf6+ Qxf6 13. Bxf3 Nde5 14. Be2 Re7 15. Bf3 Nd7 16. Be2 Nd4 17. c3 Nxe2+ 18. Qxe2 Rae8 19. f3 Qg6 20. Be3 f5 21. Qd2 fxe4 22. dxe4 Ne5 23. Bf2 Nxf3+ 24. Kh1 Nxd2 0-1

[Event "COL pre olympic sf3"]
[Site "Dosquebradas"]
[Date "2018.05.31"]
[Round "2"]
[White "Viveros Torres, Erica Johana"]
[Black "Pena, Luis Orlando"]
[Result "1-0"]
[WhiteElo "1859"]
[BlackElo "1507"]
[PlyCount "41"]
[EventDate "2018.05.30"]
[EventType "swiss"]
[EventRounds "10"]
[EventCountry "COL"]
[SourceTitle "CBM 184 Extra"]
[Source "ChessBase"]
[SourceDate "2018.06.28"]
[SourceVersion "1"]
[SourceVersionDate "2018.06.28"]
[SourceQuality "1"]

1. e4 e5 2. Nf3 Nf6 3. Nxe5 d6 4. Nf3 Nxe4 5. Nc3 Nf6 6. d4 d5 7. Bg5 Be7 8. Bd3 Bg4 9. h3 Bxf3 10. Qxf3 c6 11. 0-0 0-0 12. a3 Re8 13. Rfe1 Nbd7 14. b4 Qb6 15. Ne2 a5 16. c3 axb4 17. axb4 Rxa1 18. Rxa1 Bd6 19. Ng3 Bxg3 20. Qxg3 Qd8 21. Bf5 1-0

[Event "Bogota Navidad op"]
[Site "Bogota"]
[Date "2016.12.08"]
[Round "2"]
[White "Pena, Luis Orlando"]
[Black "Rubio Melo, Hugo Arturo"]
[Result "1/2-1/2"]
[WhiteElo "1589"]
[BlackElo "1736"]
[PlyCount "43"]
[EventDate "2016.12.07"]
[EventType "swiss"]
[EventRounds "9"]
[EventCountry "COL"]
[SourceTitle "CBM 176 Extra"]
[Source "ChessBase"]
[SourceDate "2017.03.02"]
[SourceVersion "1"]
[SourceVersionDate "2017.03.02"]
[SourceQuality "1"]

1. Nf3 Nf6 2. e3 g6 3. c4 Bg7 4. Nc3 d6 5. Be2 0-0 6. 0-0 e5 7. d3 Bg4 8. Rb1 a5 9. Qc2 Nc6 10. a3 Nd7 11. h3 Be6 12. b4 axb4 13. axb4 f5 14. b5 Na5 15. Bd2 b6 16. Nh2 Kh8 17. Kh1 f4 18. exf4 exf4 19. Bf3 Rb8 20. Nd5 Be5 21. Bxa5 bxa5 22. Rb3 1/2-1/2